Estadísticas para ¿Qué Capital Asiática?

Haz click aquí para intentar la prueba.

Estadísticas generales

  • Esta prueba ha sido intentada 853 veces
  • La puntuación promedio es 12 de 20

Estadísticas de respuestas

PistaCapital% Correcto
Apareció en la película "Godzilla"Tokio
88%
Ubicado a sólo 50 km al sur de la Zona DesmilitarizadaSeúl
86%
La única ciudad que ha sido sede de los Juegos Olímpicos de verano y de invierno.Pekín
85%
Ha sido gobernado por España, Estados Unidos y Japón.Manila
75%
Las tropas estadounidenses abandonaron apresuradamente esta ciudad en 2021.Kabul
74%
En agosto de 2024, esta ciudad dejará de ser capital a medida que el gobierno se traslade a
una nueva capital en la isla de Borneo
Yakarta
73%
Sus Torres Petronas fueron los edificios más altos del mundo entre 1998 y 2004Kuala Lumpur
71%
Organiza frecuentes desfiles donde los misiles balísticos intercontinentales son la atracción estrella.Pionyang
71%
Ubicado a unos 75 km al norte de la antigua ciudad de Babilonia.Bagdad
68%
La capital nacional más fría del mundo, fue fundada como un monasterio budista nómada.
Después de trasladarse 28 veces, se instaló en un lugar permanente en 1778.
Ulán Bator
62%
La tercera ciudad más sagrada del Islam después de La Meca y MedinaJerusalén
61%
Ciudad mediterránea alguna vez conocida como "La París de Medio Oriente"Beirut
60%
Su nombre significa "Ciudad del Islam".Islamabad
59%
Entre sus hoteles de lujo se encuentran el Yak & Yeti, el Everest y el Shangri-La.Katmandú
58%
Tiene cuatro letras, la última de las cuales es U.Bakú
49%
Se encuentra en medio del tercer desierto cálido más grande del mundo.Riad
46%
La capital del califato omeya
Damasco
42%
Dónde encontrarías el Salón Conmemorativo de Chiang Kai-shekTaipéi
39%
Bajo ocupación extranjera de 1990 a 1991Kuwait
32%
Roosevelt, Stalin y Churchill se reunieron aquí en 1943 para discutir los objetivos de la guerra.Teherán
29%

Distribución de puntuación

Porcentaje por número respondido

Porcentaje de gente con cada puntuación

Historial de tus puntuaciones

No has intentado esta prueba.